CONFISCATION LAW HANDBOOK (Record no. 7836)

MARC details
000 -LEADER
fixed length control field 00422nam a22001697a 4500
005 - DATE AND TIME OF LATEST TRANSACTION
control field 20210904143147.0
008 - FIXED-LENGTH DATA ELEMENTS--GENERAL INFORMATION
fixed length control field 210823b ||||| |||| 00| 0 eng d
020 ## - INTERNATIONAL STANDARD BOOK NUMBER
ISBN 9781847667070
041 ## - LANGUAGE CODE
Language code of text/sound track or separate title eng
082 ## - DEWEY DECIMAL CLASSIFICATION NUMBER
Classification number 345.420
100 ## - MAIN ENTRY--AUTHOR NAME
Personal name EISSA,ADRIAN AND BARBER, RUTH
245 ## - TITLE STATEMENT
Title CONFISCATION LAW HANDBOOK
260 ## - PUBLICATION, DISTRIBUTION, ETC. (IMPRINT)
Place of publication W.S.
Name of publisher BLOOMSBURY PROFESSIONAL
Year of publication 2011
300 ## - PHYSICAL DESCRIPTION
Number of Pages 416;p
650 ## - SUBJECT ADDED ENTRY--TOPICAL TERM
Topical Term LAW
942 ## - ADDED ENTRY ELEMENTS (KOHA)
Koha item type Books
Holdings
Lost status Damaged status Collection code Home library Current library Shelving location Date acquired Source of acquisition Full call number Accession Number Koha item type
    LAW JRU Library JRU Library SHELF-30-D 23/08/2021 PURCESS 345.420 25860 Books